000 00277nam a22001217a 4500
020 _a978-0-7515-3657-7
082 _a823
_bSPA/A
100 _aSPARKS,NICHOLAS
245 _aAT FIRST SIGHT
260 _aAMERICA
_bTHE WARNER BOOKS
650 _aENGLISH NOVEL
_zAMERICA
942 _cBK
999 _c3298
_d3298